[Event "Eastern Asia-ch U14"]
[Site "Tornelo INT"]
[Date "2021.10.31"]
[Round "9"]
[White "Jayasundara, JM Daham V"]
[Black "Loh, Zhang Yan Leonard"]
[Result "1-0"]
[WhiteElo "1151"]
[BlackElo "1069"]
[PlyCount "143"]
[EventDate "2021.10.29"]
[EventType "swiss"]
[EventRounds "9"]
[EventCountry "NET"]
[SourceTitle "EXT 2023"]
[Source "ChessBase"]
[SourceDate "2022.10.05"]
[SourceVersion "1"]
[SourceVersionDate "2022.10.05"]
[SourceQuality "1"]

1. d4 d5 2. c4 e6 3. Nc3 Be7 4. Bf4 Nf6 5. e3 b6 6. Nf3 Bb7 7. Be2 Nbd7 8. 0-0 c5 9. cxd5 Nxd5 10. Bg3 N7f6 11. Bb5+ Nd7 12. Ne5 N5f6 13. Qa4 a6 14. Bxd7+ Nxd7 15. Qxd7+ Qxd7 16. Nxd7 Kxd7 17. dxc5 Bxc5 18. Rfd1+ Ke7 19. Na4 Rhd8 20. Bc7 Rd7 21. Rxd7+ Kxd7 22. Bxb6 Bd6 23. Bd4 e5 24. Nb6+ Kc6 25. Rc1+ Kb5 26. a4+ Ka5 27. Nc4+ Kxa4 28. Nxd6 exd4 29. Nxb7 dxe3 30. fxe3 Rb8 31. Nc5+ Kb5 32. Nd3 Rd8 33. Rc3 Re8 34. Kf2 Re6 35. Rc5+ Kb6 36. Rc3 Kb5 37. Ke2 Rg6 38. Nf4 Rh6 39. h3 Rd6 40. Rd3 Rc6 41. Kd2 g5 42. Ne2 Rc7 43. Nd4+ Kb6 44. Nf3 Rc5 45. Rd6+ Ka5 46. Rf6 Rb5 47. Kc2 Rc5+ 48. Kb1 Kb4 49. Rxf7 Kb3 50. Nd4+ Kc4 51. Rxh7 Re5 52. Rc7+ Kd3 53. Rc3+ Ke4 54. Kc2 g4 55. hxg4 Rg5 56. Nf3 Rxg4 57. Rc4+ Kf5 58. Rxg4 Kxg4 59. e4 Kf4 60. e5 Kf5 61. g4+ Ke6 62. g5 Kf5 63. Kd3 a5 64. Kd4 Ke6 65. g6 a4 66. Kc5 a3 67. bxa3 Ke7 68. Ng5 Kf8 69. e6 Ke7 70. g7 Kf6 71. g8Q Ke7 72. Qf7+ 1-0

[Event "Eastern Asia-ch U14"]
[Site "Tornelo INT"]
[Date "2021.10.30"]
[Round "4"]
[White "Loh, Zhang Yan Leonard"]
[Black "Tran, Van Hoang Lam"]
[Result "0-1"]
[WhiteElo "1069"]
[BlackElo "1334"]
[PlyCount "112"]
[EventDate "2021.10.29"]
[EventType "swiss"]
[EventRounds "9"]
[EventCountry "NET"]
[SourceTitle "EXT 2023"]
[Source "ChessBase"]
[SourceDate "2022.10.05"]
[SourceVersion "1"]
[SourceVersionDate "2022.10.05"]
[SourceQuality "1"]

1. e4 c5 2. Nf3 Nc6 3. c3 Nf6 4. Bd3 d6 5. Bc2 e5 6. d4 cxd4 7. cxd4 Be7 8. Nc3 0-0 9. 0-0 Bg4 10. Ne2 Rc8 11. d5 Nb4 12. Nc3 Nxc2 13. Qxc2 a6 14. Qd3 h6 15. h3 Bh5 16. Bd2 Bg6 17. Rfe1 b5 18. a3 Nd7 19. Be3 f5 20. exf5 Bxf5 21. Qe2 Nc5 22. Bxc5 Rxc5 23. Nd2 Bh4 24. Rf1 Qd7 25. Nde4 Rc4 26. g4 Bg6 27. b3 Rd4 28. Rad1 Rxd1 29. Qxd1 Rf4 30. f3 Qa7+ 31. Kg2 Qe3 32. Qe2 Qxe2+ 33. Nxe2 Rxe4 34. fxe4 Bxe4+ 35. Kg1 Bd3 36. Nc1 Bxf1 37. Kxf1 Kf7 38. Ke2 Bd8 39. a4 Bb6 40. Nd3 Kf6 41. Kf3 Kg5 42. Kg3 e4 43. h4+ Kf6 44. Nb4 Ke5 45. Nxa6 bxa4 46. bxa4 Kxd5 47. Nb4+ Kc4 48. Na2 d5 49. Nc1 Kb4 50. Kf4 Bc7+ 51. Kf5 Kxa4 52. Ke6 d4 53. Kd5 d3 54. Nxd3 exd3 55. Ke6 d2 56. Kf7 d1Q 0-1